| 000 | 00906nam a22002295a 4500 | ||
|---|---|---|---|
| 003 | OSt | ||
| 005 | 20170302103811.0 | ||
| 008 | 170226s2005 ua frb 000 0 ara d | ||
| 015 | _a2015 / 14869 | ||
| 020 | _a9770497495 | ||
| 040 |
_aEG-ScBUE _bara _cEG-ScBUE |
||
| 082 | 0 | 4 |
_a341.6 _bع م ر _222 |
| 100 | 1 | _aعمر، أبو الخير أحمد عطية. | |
| 245 | 1 | 0 |
_aنظرية الضربات العسكرية الاستباقية : _bالدفاع الوقائي في ضوء قواعد القانون الدولي المعاصر / _cأبو الخير أحمد عطية عمر. |
| 260 |
_aالقاهرة : _bدار النهضة العربية، _c[2005] |
||
| 300 |
_a139 ص. ؛ _c24 سم. |
||
| 504 | _aيشتمل على إرجاعات ببليوجرافية. | ||
| 650 | 7 |
_aالقانون العسكري الدولي. _2BUEsh |
|
| 651 | _2BUEsh | ||
| 653 |
_bLLAAWW _cFebruary2017 |
||
| 942 | _2ddc | ||
| 999 |
_c24286 _d24258 |
||